Obras completas / (Record no. 80684)
[ view plain ]
| 000 -LEADER | |
|---|---|
| campo de control de longitud fija | 01227nam a2200193 i 4500 |
| 001 - NÚMERO DE CONTROL | |
| campo de control | 80684 |
| 003 - IDENTIFICADOR DE NÚMERO DE CONTROL | |
| campo de control | ES-MaACL |
| 005 - FECHA Y HORA DE LA ÚLTIMA TRANSACCIÓN | |
| campo de control | 20250720063045.0 |
| 007 - CAMPO FIJO DE DESCRIPCIÓN FÍSICA--INFORMACIÓN GENERAL | |
| campo de control de longitud fija | t| |
| 008 - DATOS DE LONGITUD FIJA--INFORMACIÓN GENERAL | |
| campo de control de longitud fija | 041029s1939 cu ||||1| spa d |
| 100 1# - ENTRADA PRINCIPAL--NOMBRE DE PERSONA | |
| Nombre de persona | Hostos, Eugenio María de, |
| Fechas asociadas al nombre | 1839-1903 |
| 9 (RLIN) | 64302 |
| 245 10 - MENCIÓN DEL TÍTULO | |
| Título | Obras completas / |
| Mención de responsabilidad, etc. | Eugenio María de Hostos. |
| 250 ## - MENCION DE EDICION | |
| Mención de edición | Ed. conmemorativa del Gobierno de Puerto Rico, 1839-1939. |
| 260 ## - PUBLICACIÓN, DISTRIBUCIÓN, ETC. | |
| Lugar de publicación, distribución, etc. | La Habana : |
| Nombre del editor, distribuidor, etc. | Cultural, |
| Fecha de publicación, distribución, etc. | 1939. |
| 300 ## - DESCRIPCIÓN FÍSICA | |
| Extensión | 21 v. ; |
| Dimensiones | 22 cm. |
| 505 8# - NOTA DE CONTENIDO CON FORMATO | |
| Nota de contenido con formato | Contiene: I-II. Diario - III. Páginas íntimas (398 p.) - IV. Cartas (287 p.) - V. Madre isla. (Campaña política por Puerto Rico, 1898-1903) (362 p.) - VI. Mi viaje al Sur (442 p.) - VII. Temas sudamericanos (456 p.) - VIII. La peregrinación de Bayoán. Novela (320 p.) - IX. Temas cubanos (498 p.)- X. La cuna de América (442 p.) - XI. Crítica (Crítica en general: música, pintura y escultura; teatro, letras) (307 p.) - XIII. Forjando el porvenir americano (2 v.) - XIV. Nombres e ideas (440 p.)- XV. Lecciones de derecho constitucional (441 p.) - XVI. Tratado de moral (464 p.) - XVII. Tratado de sociología (249 p.) - XVIII-XIX-XX. Ensayos didácticos |
| 852 ## - LOCALIZACIÓN | |
| Ubicación | ES-MaACL |
| Número de control de estantería | C-4341-61 |
| Estatus retirado | Estado de pérdida | Estado de daño | No para préstamo | Biblioteca de origen | Biblioteca actual | Ubicación en estantería | Fecha de adquisición | Fuente de adquisición | Total de préstamos | Signatura topográfica completa | Código de barras | Visto por última vez | Precio de reemplazo | Tipo de ítem Koha |
|---|---|---|---|---|---|---|---|---|---|---|---|---|---|---|
| Biblioteca del Ateneo de Madrid | Biblioteca del Ateneo de Madrid | Sala Palomar | 17/01/2008 | C-4341-61 | 1084354 | 23/02/2023 | 23/02/2023 | Libro impreso |
